000 00381nam a2200169 i 4500
001 bg
100 1 _aElmore, Donald Trevor.
245 1 0 _aPeptydy i białka /
_cD.T. Elmore.
260 _aWarszawa :
_bPWRiL,
_c1970.
650 9 _aPeptydy
650 9 _aBiałko
040 _cBPK
041 1 _apol
080 _a577
942 _cKS
008 s pl f |000 0 pol
999 _c35561
_d35561
856 _uhttp://koha.tu.koszalin.pl/cgi-bin/koha/opac-detail.pl?biblionumber=35561
_yKatalog online BPK